Energy Science : (Record no. 11602)

MARC details
000 -LEADER
fixed length control field 01662cam a22003737a 4500
001 - CONTROL NUMBER
control field 14852311
005 - DATE AND TIME OF LATEST TRANSACTION
control field 20070727210652.0
008 - FIXED-LENGTH DATA ELEMENTS--GENERAL INFORMATION
fixed length control field 070516s2007 enka b 001 0 eng d
010 ## - LIBRARY OF CONGRESS CONTROL NUMBER
LC control number 2007297159
015 ## - NATIONAL BIBLIOGRAPHY NUMBER
National bibliography number GBA679916
Source bnb
016 7# - NATIONAL BIBLIOGRAPHIC AGENCY CONTROL NUMBER
Record control number 013557211
Source Uk
020 ## - INTERNATIONAL STANDARD BOOK NUMBER
International Standard Book Number 0199281122 (pbk.)
020 ## - INTERNATIONAL STANDARD BOOK NUMBER
International Standard Book Number 9780199281121 (pbk.)
035 ## - SYSTEM CONTROL NUMBER
System control number (OCoLC)ocm71541591
035 ## - SYSTEM CONTROL NUMBER
System control number (OCoLC)71541591
040 ## - CATALOGING SOURCE
Original cataloging agency UKM
Transcribing agency UKM
Modifying agency BAKER
-- BWKUK
-- YDXCP
-- IXA
-- DLC
042 ## - AUTHENTICATION CODE
Authentication code lccopycat
050 00 - LIBRARY OF CONGRESS CALL NUMBER
Classification number TJ163.2
Item number .A54 2007
082 04 - DEWEY DECIMAL CLASSIFICATION NUMBER
Classification number 333.79
Edition number 22
Item number AND
100 1# - MAIN ENTRY--PERSONAL NAME
Personal name Andrews, John.
9 (RLIN) 5063
245 10 - TITLE STATEMENT
Title Energy Science :
Remainder of title Principles, Technologies, and Impacts /
Statement of responsibility, etc John Andrews and Nick Jelley.
260 ## - PUBLICATION, DISTRIBUTION, ETC. (IMPRINT)
Place of publication, distribution, etc Oxford ;
-- New York :
Name of publisher, distributor, etc Oxford University Press,
Date of publication, distribution, etc c2007.
300 ## - PHYSICAL DESCRIPTION
Extent xv, 328 p. :
Other physical details ill. ;
Dimensions 25 cm.
504 ## - BIBLIOGRAPHY, ETC. NOTE
Bibliography, etc Includes bibliographical references and index.
504 ## - BIBLIOGRAPHY, ETC. NOTE
Bibliography, etc Includes Web resources.
650 #0 - SUBJECT ADDED ENTRY--TOPICAL TERM
Topical term or geographic name as entry element Power resources.
9 (RLIN) 5064
700 1# - ADDED ENTRY--PERSONAL NAME
Personal name Jelley, N. A.
Fuller form of name (Nicholas Alfred),
Dates associated with a name 1946-
9 (RLIN) 5065
856 42 - ELECTRONIC LOCATION AND ACCESS
Materials specified Contributor biographical information
Uniform Resource Identifier <a href="http://www.loc.gov/catdir/enhancements/fy0737/2007297159-b.html">http://www.loc.gov/catdir/enhancements/fy0737/2007297159-b.html</a>
856 41 - ELECTRONIC LOCATION AND ACCESS
Materials specified Table of contents only
Uniform Resource Identifier <a href="http://www.loc.gov/catdir/enhancements/fy0737/2007297159-t.html">http://www.loc.gov/catdir/enhancements/fy0737/2007297159-t.html</a>
942 ## - ADDED ENTRY ELEMENTS (KOHA)
Source of classification or shelving scheme Dewey Decimal Classification
Item type Book - Borrowing
Holdings
Withdrawn status Item status Source of classification or shelving scheme Damaged status Not for loan Vendor Home library Current library Shelving location Date acquired Source of acquisition Cost, normal purchase price Serial Enumeration / chronology Total Checkouts Total Renewals Full call number Barcode Date last seen Date last borrowed Koha item type
    Dewey Decimal Classification     Alahram Central Library Central Library First floor 25/05/2009   270.00 351 6 37 333.79 AND 000016208 15/07/2025 11/01/2021 Book - Borrowing
    Dewey Decimal Classification     Alahram Central Library Central Library First floor 28/05/2009   270.00 358 3 81 333.79 AND 000016533 15/07/2025 30/09/2019 Book - Borrowing